1679 1446 1706 1269 1360 1300 1752 1870 1251 1278 1863 1464 1636 1103 1816 1033 1814 1364 1851 1564 1622 1762 1087 1742 1474 1223 1118 1921 1045 1141 1012 1356 1654 1346 1354 1714 1775 1349 1108 1200 1111 1919 1111 1984 1864 1018 1300 1703 1094 1457 1960 1424 1648 1596 1865 1338 1220 1205 1096 1489 1315 1837 1882 1569 1589 1424 1197 1282 1622 1601 1675 1463 1196 1227 1859 1252 1222 1788 1629 1080 1382 1766 1353 1425 1926 1462 1966 1495 1595 1453 1438 1627 1795 1764 1772 1642 1348 1734 1456 BCNSPRNW ULIB Ver.6.0+V

เปลี่ยนเป็นภาษาไทย

Change to English
 แสดงรายละเอียดบรรณานุกรม
  กลับหน้าหลัก

Brief Record : Get Marc (ISO 2709) : E-mail record : QR code < ปิดหน้าต่าง
LEADER : 00000nam 2200000uu 4500
001    13399114648
003     ULIB
008    120426s2543||||th 000 0 tha d
020    ^a9746648845
060  4 ^aQV^bว815ค ล.1 2543
245 00 ^aคู่มือสมุนไพรฉบับย่อ^n(1) /^cบรรณาธิการ วีณา จิรัจฉริยากูล
250    ^aพิมพ์ครั้งที่ 1
260    ^aกรุงเทพฯ :^bสำนักงานข้อมูลสมุนไพร คณะเภสัชศาสตร์
300    ^aก-ฌ, 117 หน้า :^bภาพประกอบ ;^c21 ซม.
500    ^aSend to Single Search
650  4 ^aพฤกษศาสตร์
650  4 ^aสมุนไพร
700 0  ^aวีณา จิรัจฉริยากูล,^eบรรณาธิการ
710 2  ^aมหาวิทยาลัยมหิดล. ^bคณะเภสัชศาสตร์.
945    ^p150^l0^i10154
945    ^p150^l0^i10155
995    ^aกัณชพร
999 ^a ใช้งานได้ทุกระบบ
รายการนี้ยังไม่มีแท็ก
คุณยังไม่ได้ล็อกอิน คุณสามารถมีกิจกรรมร่วมกับเว็บไซต์ได้ แต่ต้องล็อกอินก่อน ::
  ล็อกอิน

รายการสื่อสารสนเทศ

ลำดับที่ ประเภท เลขเรียก/บาร์โค้ด สถานที่ สถานะ
1. วิทยาศาสตร์การแพทย์ และสุขภาพ
วิทยาศาสตร์การแพทย์ และสุขภาพ
QV ว815ค ล.1 2543 ฉ.2 
  Barcode: 10155
ห้องสมุดวิทยาเขตสวรรค์ประชารักษ์
►นวนิยาย
บนชั้น
  ขอยืม

รายการใกล้เคียง
    หัวเรื่อง [พฤกษศาสตร์]
    หัวเรื่อง [สมุนไพร]

BibComment


ยังไม่เคยถูกคอมเมนท์

คอมเมนท์ทรัพยากรรายการนี้
  คอมเมนท์: คู่มือสมุนไพรฉบั..


 Copyright 2026. Bcnsprnw @Library